Theories of personality / (Record no. 2940)

000 -LEADER
fixed length control field 00943cam a2200277 a 4500
001 - CONTROL NUMBER
control field 2630351
003 - CONTROL NUMBER IDENTIFIER
control field OSt
005 - DATE AND TIME OF LATEST TRANSACTION
control field 20170105101205.0
008 - FIXED-LENGTH DATA ELEMENTS--GENERAL INFORMATION
fixed length control field 990322s2000 at a b 001 0 eng
010 ## - LIBRARY OF CONGRESS CONTROL NUMBER
LC control number 99024491
020 ## - INTERNATIONAL STANDARD BOOK NUMBER
International Standard Book Number 053434898X (alk. paper)
040 ## - CATALOGING SOURCE
Original cataloging agency DLC
Transcribing agency DLC
Modifying agency DLC
050 00 - LIBRARY OF CONGRESS CALL NUMBER
Classification number BF698
Item number .R96 2000
082 00 - DEWEY DECIMAL CLASSIFICATION NUMBER
Classification number 155.2
Edition number 21
100 1# - MAIN ENTRY--PERSONAL NAME
Personal name Ryckman, Richard M.
245 10 - TITLE STATEMENT
Title Theories of personality /
Statement of responsibility, etc. Richard M. Ryckman.
246 30 - VARYING FORM OF TITLE
Title proper/short title Personality
250 ## - EDITION STATEMENT
Edition statement 7th ed.
260 ## - PUBLICATION, DISTRIBUTION, ETC.
Place of publication, distribution, etc. Australia ;
-- Belmont, CA :
Name of publisher, distributor, etc. Wadsworth Pub. Co.,
Date of publication, distribution, etc. c2000.
300 ## - PHYSICAL DESCRIPTION
Extent xxiii, 693 p. :
Other physical details ill. ;
Dimensions 25 cm.
504 ## - BIBLIOGRAPHY, ETC. NOTE
Bibliography, etc. note Includes bibliographical references and indexes.
650 #0 - SUBJECT ADDED ENTRY--TOPICAL TERM
Topical term or geographic name entry element Personality
Form subdivision Textbooks.
906 ## - LOCAL DATA ELEMENT F, LDF (RLIN)
a 7
b cbc
c orignew
d 1
e ocip
f 19
g y-gencatlg
942 ## - ADDED ENTRY ELEMENTS (KOHA)
Source of classification or shelving scheme
Koha item type Book
Holdings
Withdrawn status Lost status Source of classification or shelving scheme Damaged status Not for loan Collection code Permanent Location Current Location Shelving location Date acquired Total Checkouts Full call number Barcode Date last seen Date last checked out Price effective from Koha item type Total Renewals
            Central Library (CL) Central Library (CL) General Stacks 03/28/2016 6 155.2 RYC S3H-N-275 10/30/2024 10/07/2024 03/28/2016 Book  
            Central Library (CL) Central Library (CL) General Stacks 03/28/2016 9 155.2 RYC S3H-N-276 11/03/2025 10/24/2025 03/28/2016 Book 5
© 2023 Central Library, National University of Sciences and Technology. All Rights Reserved.